| 000 | 01071nam a22002537i 4500 | ||
|---|---|---|---|
| 003 | EG-ScBUE | ||
| 005 | 20250528095031.0 | ||
| 008 | 100316s2008 ii|a fr 00100 eng dd | ||
| 020 | _a9788184313246 | ||
| 040 |
_aEG-ScBUE _beng _erda _cEG-ScBUE _dEG-ScBUE |
||
| 082 | 0 | 4 |
_222 _a530.141 _bBAK |
| 100 | 1 |
_912771 _aBakshi, Uday A., _eauthor. |
|
| 245 |
_aElectromagnetic fields / _cUday A. Bakshi, M. E. (electrical), formerly lecturer in Department of Electronics Engg., Vishwakarma Institute of Technology, Pune, Ajay V. Bakshi, B.E. (electronics), formerly lecturer in Deptt. of E & TC, Maharashtra Academy of Engineering, Alandi, Pune. |
||
| 250 | _aSecond revised edition. | ||
| 264 | 1 |
_aPune, India : _bTechnical Publications, _c2008. |
|
| 300 |
_a1 volume (various pagings) : _billustrations ; _c24 cm |
||
| 336 |
_2rdacontent _atext _btxt |
||
| 337 |
_aunmediated _2rdamedia _bn |
||
| 338 |
_avolume _bnc _2rdacarrier |
||
| 650 | 7 |
_912811 _aElectromagnetic fields. _2BUEsh |
|
| 655 | _vReading book | ||
| 700 | 1 |
_912772 _aBakshi, Ajay V., _eauthor. |
|
| 942 |
_2ddc _cBB |
||
| 999 |
_c13711 _d13711 |
||